00985nam a2200205 a 450000100100000000500170001000800410002704000250006808200150009310000330010824501560014126000360029730000280033350400320036104900090039395201280040295201130053095201190064399900170076200002841620200930054931.0110408s2010 dr a 000 0 spa d aDO-SdBNPbspacBNPHU axxxxbW54s1 aWeyland Usanna, Karin95537013aLa sociología del alma y del desarrollo de una ciencia interior :bmás allá de la subjetividad, el lenguaje y la razón /cKarin Weyland Usanna. aSanto Domingo :bBúho,c2010. a203 p. :bil. ;c22 cm. aBibliografía : p. 184-203 aBNPD 001054708DSaGRbGRcCTd2011-04-08iLF1l0oxxxx W54sp28416-30r2020-06-25te. 3w2020-06-25yLFDSZPréstamo en sala 0010718PDaPDbPDcHDd2011-04-08iLF1l0oxxxx W54sp28416-10r2020-06-25w2020-06-25yLFPDZNo se presta 0010718PDaPDbPDcCTd2011-04-08iLF1l0oxxxx W54sp28416-20r2020-06-25te. 2w2020-06-25yLFPDZNo se presta c27908d27908